Movie Quotes About Cars Quiz Stats

 Plays Quiz not verified by Sporcle

Challenge
Share
Tweet
Embed
Score 0/30 Timer 07:00
0 Plays Today
% Correct
Back to the Future
70.7%
Ferris Bueller's Day Off
60.3%
Transformers
60.3%
My Cousin Vinny
48.3%
The Blues Brothers
43.1%
Dragnet
41.4%
Clueless
37.9%
Furious 7
31%
Trading Places
29.3%
Driving Miss Daisy
27.6%
Cars
27.6%
Glengary Glen Ross
25.9%
Speed
24.1%
Point Break
24.1%
Used Cars
24.1%
% Correct
Indiana Jones and the Last Crusade
24.1%
Pulp Fiction
22.4%
Beverly Hills Cop
20.7%
License to Drive
17.2%
Gone in 60 Seconds
15.5%
Analyze This
15.5%
10 Things I Hate About You
15.5%
Risky Business
13.8%
Coneheads
13.8%
Steel Magnolias
13.8%
The Outsiders
10.3%
Click
5.2%
Sling Blade
5.2%
Buffalo '66
3.4%
She's All That
3.4%

You're not logged in!

Compare scores with friends on all Sporcle quizzes.
Join for Free
OR
Log In

You Might Also Like...

Show Comments

Extras

Top Quizzes Today


Score Distribution

Your Account Isn't Verified!

In order to create a playlist on Sporcle, you need to verify the email address you used during registration. Go to your Sporcle Settings to finish the process.

Report this User

Report this user for behavior that violates our Community Guidelines.

Details: